All foreign players Hamburg SV - Statistics

General Stats
  • This quiz has been taken 61 times
  • The average score is 38 of 232
Answer Stats
Hint Answer % Correct
Rafael Van Der Vaart
72%
Heung-Min Son
69%
Cléber Reis
63%
Ludovit Reis
63%
Bakery Jatta
56%
Hakan Çalhanoğlu
56%
Ivica Olić
50%
Jean-Luc Dompé
50%
Mladen Petrić
50%
Ransford Königsdörffer
47%
Vincent Kompany
47%
Artjoms Rudnevs
44%
Douglas Santos
44%
Kevin Keegan
44%
Kosi Saka
44%
Miro Muheim
44%
Filip Kostić
41%
Gōtoku Sakai
41%
Jaroslav Drobný
41%
Tatsuya Ito
41%
Albin Ekdal
38%
David Jarolím
38%
Guy Demel
38%
Johan Djourou
38%
Joris Mathijsen
38%
Marcus Berg
38%
Mehdi Mahdavikia
38%
Sergej Barbarez
38%
Bobby Wood
34%
Daniel Heuer Fernandes
34%
Daniel Van Buyten
34%
Ignace Van Der Brempt
34%
Kyriakos Papadopoulos
34%
Ruud Van Nistelrooy
34%
Zé Roberto
34%
Anssi Suhonen
31%
Gökhan Töre
31%
Guilherme Ramos
31%
Joel Pohjanpalo
31%
Mohamed Zidan
31%
Paolo Guerrero
31%
Rick Van Drongelen
31%
András Németh
28%
Dennis Hadžikadunić
28%
Jonathan Pitroipa
28%
László Bénes
28%
Lukas Hinterseer
28%
Niko Kovač
28%
Thimothée Atouba
28%
Tony Yeboah
28%
Walace
28%
William Mikelbrencis
28%
Collin Benjamin
25%
Eljero Elia
25%
Emir Spahić
25%
Martin Harnik
25%
Petr Jiráček
25%
Tomás Rincón
25%
Tommy Doyle
25%
Ailton
22%
David Bates
22%
Hee-Chan Hwang
22%
Jacopo Sala
22%
Jairo
22%
Łukasz Poręba
22%
Marcelo Díaz
22%
Michael Gregoritsch
22%
Michael Mancienne
22%
Nigel De Jong
22%
Raphaël Wicky
22%
Saša Ilić
22%
Slobodan Rajković
22%
Berkay Özcan
19%
Giorgi Chakvetadze
19%
Immanuël Pherai
19%
Ivo Iličević
19%
Juan Sorín
19%
Louis Schaub
19%
Mikkel Kaufmann
19%
Milan Badelj
19%
Nico Jan Hoogma
19%
Rodolfo Cardoso
19%
Sejad Salihović
19%
Stig Tøfting
19%
Bernardo Romeo
16%
Émile Mpenza
16%
Eric Maxim Choupo-Moting
16%
Gojko Kačar
16%
Hasan Salihamidžić
16%
Javi Montero
16%
Marek Heinz
16%
Mario Vušković
16%
Ola John
16%
Otto Addo
16%
Thiago Neves
16%
Vahid Hashemian
16%
Vailije Janjičić
16%
Valon Behrami
16%
Vyatcheslav Hleb
16%
Xavier Amaechi
16%
Zoltán Stieber
16%
Alen Halilović
13%
Amadou Onana
13%
Andreas Hirzel
13%
Änis Ben-Hatira
13%
Ewerton
13%
Jeffrey Bruma
13%
Jeremy Dudziak
13%
Marko Johansson
13%
Mërgim Mavraj
13%
Naohiro Takahara
13%
Roda Antar
13%
Thomas Gravesen
13%
Timo Letschert
13%
Valdas Ivanauskas
13%
Benny Feilhaber
9%
Boubacar Sanogo
9%
Danijel Ljuboja
9%
David Rozehnal
9%
Erik Meijer
9%
Faxe Jensen
9%
Jacques Zoua
9%
Jan Furtok
9%
Jean
9%
Khalid Boulahrouz
9%
Kim Christensen
9%
Lars Bastrup
9%
Lars Jacobsen
9%
Martin Dahlin
9%
Michael Gravgaard
9%
Nabil Bahoui
9%
Ole Bjørnmose
9%
Orel Mangala
9%
Paul Scharner
9%
Petar Hubchev
9%
Sergio Zárate
9%
Tomáš Ujfaluši
9%
Valon Zumberi
9%
Yordan Letchkov
9%
Alex Silva
6%
Allan Hansen
6%
Almami Moreira
6%
Andrej Panadić
6%
Asbjørn Halvorsen
6%
Besart Berisha
6%
Francisco Copado
6%
Ivan Buljan
6%
Jacek Dembiński
6%
Jakob Friis-Hansen
6%
Jørn Andersen
6%
Josip Drmić
6%
Josip Šimunić
6%
Julian Green
6%
Léo Lacroix
6%
Mark McGhee
6%
Markus Schopp
6%
Martin Zafirov
6%
Michael Mason
6%
Milan Fukal
6%
Mohamed Gouaida
6%
Nando
6%
Niclas Kindvall
6%
Otto Carlsson
6%
Pavel Dotchev
6%
Per Skjelbred
6%
Romeo Castelen
6%
Stéphane Henchoz
6%
Tunay Torun
6%
Alexander Martinek
3%
Alexandru Curteian
3%
Allan Jepsen
3%
Andreas Mate
3%
Anton Putilo
3%
Batuhan Altıntaş
3%
Boriša Đorđević
3%
Buca
3%
Buffy Ettmayer
3%
Cas Ruffelse
3%
Charles Takyi
3%
Christian Nørgaard
3%
Cristian Ledesma
3%
Dániel Nagy
3%
Daouda Beleme
3%
Dick Been
3%
Dimitrios Grammozis
3%
Émerson
3%
Erik Soler
3%
Gerard Plessers
3%
Giovanni Galeazzi
3%
Herbert Van Been
3%
Johan Schwarz
3%
Juhani Peltonen
3%
Kevin Ingreso
3%
Khalid Sinouh
3%
Macauley Chrisantus
3%
Marcel Ndjeng
3%
Marco Drawz
3%
Marek Saganowski
3%
Marek Trejgis
3%
Mario Belardi
3%
Massimo Cannizzaro
3%
Mattia Maggio
3%
Michael Baur
3%
Mickaël Tavares
3%
Miroslav Štěpánek
3%
Mirosław Okoński
3%
Mišo Brečko
3%
Mladen Pralija
3%
Moritz Kwarteng
3%
Muhamed Bešić
3%
Nortbert Hof
3%
Ouasim Bouy
3%
Özcan Arkoç
3%
Paul Caligiuri
3%
Paweł Wojtala
3%
Pepi Gruber
3%
Peter Woodring
3%
Rasoul Khatibi
3%
Reto Ziegler
3%
Richard Kitzbichler
3%
Robertas Poškus
3%
Ronny Marcos
3%
Ryszard Cyrón
3%
Sasan Gouhari
3%
Sergey Kiryakov
3%
Soner Uysal
3%
Vadis Odjidja-Ofoe
3%
Valmir Nafiu
3%
Vanja Grubač
3%
Vladimir Kovačić
3%
Waldemar Matysik
3%
Young-Jae Seo
3%
No matching quizzes found
Score Distribution
Percent of People with Each Score
Percentile by Number Answered
Your Score History
You have not taken this quiz